KINEMATIC STRUCTURES OF SUPERFINISHING

Bibliographic Details
Main Authors: Velíšek, Karol, 1951- (Author), Štefánek, Michal (Author), Lipa, Zdenko, 1944- (Author)
Format: Article
Language:English
ISBN:807099505X

MARC

LEADER 00000naa a2200000uu 4500
001 vtls010961915
003 SK-MaSNL
005 20260302121153.0
008 210907|2000 xo |||||||||||||||||eng|
015 |a SNBRA 
035 |a (urnnbn)urn:nbn:sk:snk:ar-a0bsi2 
035 |a (uuid)0dda6319-fe20-4b6f-af08-35af6c428218 
035 |a urn:nbn:sk:snk-aauk5b 
040 |a SNKBUCL  |b slo  |c SNKBUCL  |e AACR2 
041 0 |a eng 
044 |a xo  |c SK 
100 1 |a Velíšek, Karol,  |d 1951-  |4 aut  |9 219930 
245 1 0 |a KINEMATIC STRUCTURES OF SUPERFINISHING  |c Karol Velíšek, Michal Štefánek, Zdenko Lipa 
246 3 |a KINEMATICKÉ ŠTRUKTÚRY PRI SUPERFINIŠOVANÍ 
700 1 |a Štefánek, Michal  |4 aut  |9 5308 
700 1 |a Lipa, Zdenko,  |d 1944-  |4 aut  |9 213055 
773 0 |t Rozvoj technológie obrábania RTO 2000  |d Košice : Technická univerzita, 2000, 2000  |g S. 30-31  |z 807099505X 
958 |a OND 
958 |a article11 
958 |a chapter 
999 |c 1272844  |d 1274774